| 000 | 01818nim a2200421 i 4500 | ||
|---|---|---|---|
| 001 | 197254 | ||
| 003 | ES-MaACL | ||
| 005 | 20251010184736.0 | ||
| 007 | ss lsnjlcipnne | ||
| 008 | 250424s1990 sp nnnn |||| 00| spa d | ||
| 040 |
_bspa _cES-MaACL |
||
| 245 | 0 | 0 |
_aProyección de la película "El señor de las moscas" _h[Grabación sonora] : _bmesa redonda / _cintervienen José Prat, José Luis Olaizola, Rafael Martínez Ales, Javier Naya y Silvia Llopis. |
| 260 |
_aMadrid : _bAteneo de Madrid, _c1990. |
||
| 300 |
_a1 casete (ca. 90 min) : _bson. ; _c11 cm. |
||
| 336 |
_2rdacontent _atexto |
||
| 337 |
_2rdamedia _asin mediación |
||
| 338 |
_2rdacarrier _avolumen |
||
| 490 | 1 | _3Actos culturales en el Ateneo de Madrid | |
| 518 | _aGrabado el 12 de diciembre de 1990 en el Salón de Actos del Ateneo de Madrid | ||
| 520 | _aProyección de la película "El señor de las moscas", basada en la novela de William Golding del mismo titulo, y posterior mesa redonda sobre el libro y la película | ||
| 540 | _aDocumento inédito | ||
| 594 | _5Datos basados en la invitación. | ||
| 610 | 2 | 0 |
_aAteneo de Madrid- _xActos culturales- _y1990- _vGrabaciones sonoras _9240083 |
| 630 | 0 |
_9240441 _aLord of the flies. _lEspañol |
|
| 653 | _aArchivo de la palabra | ||
| 655 | 0 |
_aConferencias _9234444 |
|
| 700 | 1 |
_993665 _aPrat, José, _d1905-1994 _eora |
|
| 700 | 1 |
_aOlaizola, José Luis, _d1927- _eora _9159058 |
|
| 700 | 1 |
_aMartínez Alés, Rafael, _d1939-2023 _eora _9240429 |
|
| 700 | 1 |
_9240430 _aNaya, Javier _eora |
|
| 700 | 1 |
_9240431 _aLlopis, Silvia _eora |
|
| 710 | 2 |
_aAteneo de Madrid _ehis _91875 |
|
| 830 | 0 |
_aActos culturales en el Ateneo de Madrid _9240237 |
|
| 852 |
_aES-MaACL _cDEPOZ _9205479 |
||
| 942 |
_2udc _n0 _cCINTASAUD |
||
| 999 |
_c197254 _d197254 |
||